Financial Accounting /

Students are often overwhelmed by the amount of information presented in the introductory financial accounting course. By focusing on fundamental concepts in a logical sequence, students are able to fully comprehend the material rather than memorize seemingly unrelated terms and topics. The goal of...

Ful tanımlama

Kaydedildi:
Detaylı Bibliyografya
Yazar: M. McNair Frances
Diğer Yazarlar: P. Emonds Thomas, R, Olds Phillip
Materyal Türü: Kitap
Dil:Vietnamese
Baskı/Yayın Bilgisi: American : MC Graw Hill , 2011
Edisyon:Tái bản lần thứ 7
Konular:
Etiketler: Etiketle
Etiket eklenmemiş, İlk siz ekleyin!
Thư viện lưu trữ: Thư viện Trường CĐ Kỹ Thuật Cao Thắng
LEADER 01474nam a2200253 a 4500
001 TVCDKTCT14657
003 Thư viện trường Cao đẳng Kỹ thuật Cao Thắng
005 20140618000000
008 140618
980 \ \ |a Thư viện Trường CĐ Kỹ Thuật Cao Thắng 
024 |a RG_1 #1 eb0 i1 
020 # # |a 9780073527123 
041 0 # |a vie 
082 # # |a 657 /   |b F300N-t 
100 1 # |a M. McNair Frances 
245 0 0 |a Financial Accounting /  |c M. McNair Frances, P. Emonds Thomas, R Olds Phillip 
250 # # |a Tái bản lần thứ 7 
260 # # |a American :  |b MC Graw Hill ,  |c 2011 
300 # # |a 585tr. ;  |c 27 cm 
520 # # |a Students are often overwhelmed by the amount of information presented in the introductory financial accounting course. By focusing on fundamental concepts in a logical sequence, students are able to fully comprehend the material rather than memorize seemingly unrelated terms and topics. The goal of Fundamental Financial Accounting Concepts is to enable students to understand how any given business event affects the financial statements. The “financial statements model” is a highly praised feature because it allows students to visualize the simultaneous impact of business events on all of the key financial statements (the income statement, the balance sheet, and the statement of cash flows). 
650 # 4 |a Accounting 
650 # 4 |a Financial Accounting 
700 0 # |a P. Emonds Thomas 
700 0 # |a R, Olds Phillip